The Wedding Song - Renee Rapp (All Lyrics) - Statistics

General Stats
  • This quiz has been taken 34 times
    8 since last reset
  • The average score is 289 of 300
Answer Stats
Lyrics % Correct
A
100%
a
100%
again"
100%
all
100%
an
100%
and
100%
And
100%
anniversary
100%
are
100%
be
100%
burn
100%
but
100%
chorus
100%
down?
100%
every
100%
felt
100%
fire
100%
flyin'
100%
for
100%
Forever
100%
friends
100%
gonna
100%
have
100%
heart
100%
Heaven,
100%
Heaven
100%
higher
100%
higher)
100%
I
100%
I'm
100%
It
100%
it
100%
it's
100%
know
100%
last
100%
like
100%
love
100%
me
100%
mess
100%
must
100%
my
100%
of
100%
old
100%
on
100%
our
100%
play
100%
"Play
100%
played
100%
retires
100%
said,
100%
set
100%
so
100%
something
100%
song
100%
that
100%
the
100%
The
100%
There's
100%
there's
100%
they
100%
think
100%
'til
100%
'Til
100%
to
100%
up?
100%
was
100%
we
100%
(We
100%
wedding
100%
went
100%
when
100%
When
100%
Why'd
100%
world
100%
would
100%
wrote
100%
you
100%
You
100%
at
88%
chord
88%
cry
88%
dance,
88%
'em
88%
everything
88%
heard
88%
make
88%
night,
88%
one,
88%
over
88%
perfect,
88%
sang
88%
say
88%
should've
88%
Should've
88%
soft
88%
sweet
88%
want
88%
were
88%
words
88%
would've
88%
you'd
88%
You'd
88%
after
75%
day
75%
fall
75%
hit
75%
lift,
75%
line
75%
loud
75%
minor
75%
out
75%
radio,
75%
timeless
75%
we'll
75%
melody
63%
it'd
38%
Now,
38%
now
38%
Why's
13%
No matching quizzes found
Score Distribution
Percent of People with Each Score
Percentile by Number Answered
Your Score History
You have not taken this quiz since the last reset